Spinoza (Record no. 120426)
[ view plain ]
| 000 -LEADER | |
|---|---|
| fixed length control field | 00435nam a22001457a 4500 |
| 008 - FIXED-LENGTH DATA ELEMENTS--GENERAL INFORMATION | |
| fixed length control field | 140423b xxu||||| |||| 00| 0 eng d |
| 020 ## - INTERNATIONAL STANDARD BOOK NUMBER | |
| International Standard Book Number | 9780192803160 |
| 050 ## - LIBRARY OF CONGRESS CALL NUMBER | |
| Classification number | B3974.S37 2002 |
| 100 ## - MAIN ENTRY--PERSONAL NAME | |
| Personal name | Scruton, Roger |
| 9 (RLIN) | 9936 |
| 245 ## - TITLE STATEMENT | |
| Title | Spinoza |
| Remainder of title | a very short introduction |
| Statement of responsibility, etc | Roger Scruton |
| 260 ## - PUBLICATION, DISTRIBUTION, ETC. (IMPRINT) | |
| Place of publication, distribution, etc | Oxford |
| Name of publisher, distributor, etc | Oxford University Press |
| Date of publication, distribution, etc | 2002 |
| 300 ## - PHYSICAL DESCRIPTION | |
| Extent | 129p. ; |
| Dimensions | 18cm. |
| 600 ## - SUBJECT ADDED ENTRY--PERSONAL NAME | |
| Personal name | Spinoza, Benedictus di |
| 9 (RLIN) | 9937 |
| 942 ## - ADDED ENTRY ELEMENTS (KOHA) | |
| Source of classification or shelving scheme | Library of Congress Classification |
| Item type | Monograph ( Printed materials) |
| Withdrawn status | Lost status | Source of classification or shelving scheme | Damaged status | Not for loan | Collection code | Home library | Current library | Shelving location | Date acquired | Total Checkouts | Full call number | Barcode | Date last seen | Date last borrowed | Price effective from | Koha item type |
|---|---|---|---|---|---|---|---|---|---|---|---|---|---|---|---|---|
| Library of Congress Classification | Main Collection | ARRUPE LIBRARY | ARRUPE LIBRARY | Main Collection | 23/04/2014 | 3 | B3974.S37 2002 | 46500001641 | 14/01/2020 | 13/12/2019 | 23/04/2014 | Monograph ( Printed materials) |